Southville International School and Colleges
Your cart is empty.
  • Cart
  • Lists
    Public lists Eva Luna New books Lux_list list_1
    Your lists Log in to create your own lists
  • Log in to your account
  • Your cookies
  • Search history
Southville International School and Colleges
  • Advanced search
  • Recent comments
  • Most popular
  • Libraries

Log in to your account

Log in with GOOGLE


If you do not have an external account, but do have a local account, you can still log in:

  1. Home
  2. MARC view: Introduction to hospitality operations /
Normal view MARC view ISBD view

Introduction to hospitality operations / (Record no. 288404)

[ view plain ]
MARC details
000 -LEADER
fixed length control field 00613nam a2200205 a 4500
003 - CONTROL NUMBER IDENTIFIER
control field PILC
005 - DATE AND TIME OF LATEST TRANSACTION
control field 20150818153431.0
008 - FIXED-LENGTH DATA ELEMENTS--GENERAL INFORMATION
fixed length control field 100719s19uu xx 00 eng d
020 ## - INTERNATIONAL STANDARD BOOK NUMBER
International Standard Book Number 0826460771
020 ## - INTERNATIONAL STANDARD BOOK NUMBER
International Standard Book Number 0826454402
050 ## - LIBRARY OF CONGRESS CALL NUMBER
Classification number TX 911
Item number .In61 1995
082 ## - DEWEY DECIMAL CLASSIFICATION NUMBER
Classification number HSF 647.9406
Item number In8 2002
100 ## - MAIN ENTRY--PERSONAL NAME
Personal name Jones, Peter, editor
9 (RLIN) 11037
245 ## - TITLE STATEMENT
Title Introduction to hospitality operations /
Statement of responsibility, etc edited by Peter Jones.
250 ## - EDITION STATEMENT
Edition statement 2nd ed.
260 ## - PUBLICATION, DISTRIBUTION, ETC. (IMPRINT)
Place of publication, distribution, etc New York :
Name of publisher, distributor, etc Continuum,
Date of publication, distribution, etc 1996.
300 ## - PHYSICAL DESCRIPTION
Extent 262 pages :
Other physical details illustrations ;
Dimensions 24 cm.
650 ## - SUBJECT ADDED ENTRY--TOPICAL TERM
Topical term or geographic name as entry element Hospitality industry - operations
9 (RLIN) 11038
942 ## - ADDED ENTRY ELEMENTS (KOHA)
Source of classification or shelving scheme Library of Congress Classification
Koha item type Books
Holdings
Withdrawn status Lost status Source of classification or shelving scheme Damaged status Home library Current library Shelving location Date acquired Source of acquisition Sub Shelving location Total Checkouts Full call number Barcode Date last seen Price effective from Koha item type
    Library of Congress Classification   Southville International School Affiliated with Foreign Universities Library Southville International School Affiliated with Foreign Universities Library Southville Foreign University Section 08/18/2015 Donation     TX 911 .In61 1995 SFU2546 05/15/2018 08/18/2015 Books

Introduction to hospitality operations /

APA

Jones P. e., . (1996). Introduction to hospitality operations. New York: Continuum.

Chicago

Jones Peter editor, . 1996. Introduction to hospitality operations. New York: Continuum.

Harvard

Jones P. e., . (1996). Introduction to hospitality operations. New York: Continuum.

MLA

Jones Peter editor, . Introduction to hospitality operations. New York: Continuum. 1996.

  • Place hold
  • Print
  • Cite
  • Add to your cart (remove)
  • Save record
    BIBTEX Dublin Core MARCXML MARC (non-Unicode/MARC-8) MARC (Unicode/UTF-8) MARC (Unicode/UTF-8, Standard) MODS (XML) RIS
  • More searches
    Search for this title in:
    Other Libraries (WorldCat) Other Databases (Google Scholar) Online Stores (Bookfinder.com) Open Library (openlibrary.org)

Exporting to Dublin Core...

SOUTHVILLE LIBRARY

Southville International School and Colleges Library

1281 Tropical Ave. Cor. Luxembourg St., BF Homes International, Las Pinas City

Tel. No. 8256374 / 252358 Loc. 117/146

Powered by Koha